Agricultural trends in India / (Record no. 39748)

MARC details
000 -LEADER
fixed length control field 00782nam a22002177a 4500
005 - DATE AND TIME OF LATEST TRANSACTION
control field 20100806134649.0
010 ## - LCCN (DPL NO)
LC control number ENG-98634
020 ## - INTERNATIONAL STANDARD BOOK NUMBER
International Standard Book Number 9788190786016
Terms of availability 100.00
035 ## - SYSTEM CONTROL NUMBER
System control number EN-82166
037 ## - SOURCE OF ACQUISITION
Source of stock number/acquisition DBAD/PUB
082 ## - DEWEY DECIMAL CLASSIFICATION NUMBER
Classification number 338.10954
100 ## - MAIN ENTRY--PERSONAL NAME
Personal name Ramadoss, T.
245 ## - TITLE STATEMENT
Title Agricultural trends in India /
Statement of responsibility, etc by T. Ramadoss
260 ## - PUBLICATION, DISTRIBUTION, ETC. (IMPRINT)
Place of publication, distribution, etc Chennai
Name of publisher, distributor, etc Arul Publication
Date of publication, distribution, etc 2009
270 ## - ADDRESS
Address 66, Periyar Street, MGR Nagar
City Chennai
Postal code 60078
300 ## - PHYSICAL DESCRIPTION
Extent vii,115p.
Dimensions 20cm (pbk)
500 ## - GENERAL NOTE
General note Includes bibliographical references
650 ## - SUBJECT ADDED ENTRY--TOPICAL TERM
Topical term or geographic name as entry element Agriculture-economic aspects
942 ## - ADDED ENTRY ELEMENTS (KOHA)
Source of classification or shelving scheme Dewey Decimal Classification
Item type English Books
Classification part 338.10954
Call number suffix RAM
Holdings
Withdrawn status Lost status Not for loan Collection code Home library Current library Date acquired Source of acquisition Cost, normal purchase price Full call number Barcode Copy number Cost, replacement price Koha item type
    Not For Loan Non-fiction D.B.Act.Division D.B.Act.Division 06/08/2010 DBAD/PUB 100.00 338.10954 RAM EN-82166 1 100.00 English Books

© Delhi Public Library
Hit Counter
free hit counter